Students abroad, strangers at home : education for a global society /

Bibliographic Details
Main Author: Kauffmann, Norman L.
Other Authors: Martin, Judith N., Weaver, Henry D., 1928-
Format: Book
Language:English
Published: Yarmouth, Me., USA : Intercultural Press, [1992]
Subjects:

MARC

Tag First Indicator Second Indicator Subfields
LEADER 00000cam a2200000 a 4500
001 in00001403828
005 20151020053200.0
008 911030s1992 meu b 000 0 eng
010 |a  91038527  
020 |a 0933662947 :  |c $19.95 
035 |a (OCoLC)24845719 
035 |9 AHM7304AM 
040 |a DLC  |c DLC  |d UtOrBLW 
043 |a n-us--- 
049 |a TXAM 
050 0 0 |a LB2376  |b .K38 1992 
082 0 0 |a 370.19/6  |2 20 
100 1 |a Kauffmann, Norman L. 
245 1 0 |a Students abroad, strangers at home :  |b education for a global society /  |c by Norman L. Kauffmann, Judith N. Martin, Henry D. Weaver, with Judy Weaver. 
264 1 |a Yarmouth, Me., USA :  |b Intercultural Press,  |c [1992] 
264 4 |c ©1992 
300 |a vii, 194 pages ;  |c 23 cm. 
336 |a text  |b txt  |2 rdacontent 
337 |a unmediated  |b n  |2 rdamedia 
338 |a volume  |b nc  |2 rdacarrier 
504 |a Includes bibliographical references (pages 187-194). 
650 0 |a Foreign study  |z United States  |x Case studies. 
650 0 |a International education  |z United States  |x Case studies. 
700 1 |a Martin, Judith N. 
700 1 |a Weaver, Henry D.,  |d 1928- 
948 |a c:en 
999 |a MARS 
999 f f |s 35031383-f07b-3039-a79a-d58ea732b5f8  |i 6abff0bf-4dce-3cd3-8c8b-96618729bd5c  |t 0 
952 f f |p normal  |a Texas A&M University  |b College Station  |c Sterling C. Evans Library  |d Evans: Library Stacks  |t 0  |e LB2376 .K38 1992  |h Library of Congress classification  |i unmediated -- volume  |m A14822546037 
998 f f |a LB2376 .K38 1992  |t 0  |l Evans: Library Stacks